| 000 | 00745nam a22002172 4500 | ||
|---|---|---|---|
| 001 | 0000020016 | ||
| 005 | 20151217155904.0 | ||
| 008 | 110525s xx 000 0 eng d | ||
| 020 | _a9966941630 : | ||
| 040 |
_aKABU _cKABU |
||
| 245 | 1 | 0 |
_aTransitional justice in Kenya : _ba toolkit for training and engagement. |
| 250 | _a1st ed. | ||
| 260 |
_aNairobi, Kenya : _bKenyan section of the international commission of jurists, _c2010. |
||
| 300 | _a119 p. | ||
| 650 | 0 |
_aHumana rights _zKenaya. _@0000180054 |
|
| 650 | 0 |
_aTransitional justice _zKenya. _@0000180055 |
|
| 710 | 2 |
_aInternational commission ofjurists. _bKenya section. _@0000180056 |
|
| 908 | _a110525 | ||
| 950 | _@1 | ||
| 999 |
_c13756 _d13756 |
||